| 000 | 00880nam a22003017a 4500 | ||
|---|---|---|---|
| 001 | 0034168 | ||
| 003 | KOHA_MİRAKIL | ||
| 005 | 20260207002912.0 | ||
| 007 | ta | ||
| 008 | 111207b tu a|||gr||||#||||0|tur | | ||
| 040 |
_aTR-BiSEU _btur _cTR-BiSEU _erda |
||
| 041 | 0 | _atur | |
| 044 | _ctu | ||
| 050 |
_aCR115.T9 _bK96 1938 |
||
| 100 | 1 | _aKurtoğlu, Fevzi. | |
| 245 | 1 |
_aTürk Bayrağı ve Ay Yıldız/ _cFevzi Kurtoğlu ; Fevzi Kurtoğlu. |
|
| 250 | _a 2. bsk. | ||
| 264 | 1 |
_aAnkara : _bTürk Tarih Kurumu |
|
| 300 |
_a164 sayfa : _bres. ; _c24 cm. |
||
| 336 |
_ametin _btxt _2rdacontent |
||
| 337 |
_aaracısız _bn _2rdamedia |
||
| 338 |
_acilt _bnc _2rdacarrier |
||
| 490 | 0 | _aTürk Tarih Kurumu Yayınları | |
| 650 | 0 |
_aFlags--Turkey. _914996 |
|
| 650 | 0 |
_aBayraklar--Türkiye. _914997 |
|
| 830 | 0 |
_aTürk Tarih Kurumu Yayınları _920361 |
|
| 942 |
_2lcc _cBK |
||
| 999 |
_c34122 _d34122 |
||